• 首页
  • 本馆介绍
  • 公告通知
  • 最新文献
  • 馆藏检索
  • 电子资源
  • 读者导购
  • 参考咨询
  • 我的图书馆
  • 登录
  • 详细信息显示
  • 放入我的书架
  • 预约/预借图书
  • 作者相关作品
  • 分类相关作品
  • 丛书相关作品
  • 出版社相关作品

书目信息

  • 表格格式
  • 工作单格式
  • 卡片格式
题名:
旧房改造实战指南
    
 
作者: 林直树 著 ;佐川旭 , 雷光程 编著
分册:  
出版信息: 武汉   华中科技大学出版社  2017.7
页数: 173页
开本: 24cm
丛书名:
单 册:
中图分类: TU746.3
科图分类:
主题词: 住宅--旧房改造
电子资源:
ISBN: 978-7-5680-1659-9
000 00916nam0 2200265 450
001 0400001174
005 20171015084821.0
010    @a978-7-5680-1659-9@dCNY56.00
100    @a20160826d2017 em y0chiy50 ea
101 1  @achi@cjpn
102    @aCN@b420000
105    @aa z 000yy
106    @ar
200 1  @a旧房改造实战指南@9jiu fang gai zao shi zhan zhi nan@f(日)林直树著@g(日)佐川旭编著@g雷光程译
210    @a武汉@c华中科技大学出版社@d2017.7
215    @a173页@c图,照片@d24cm
300    @a悦生活
330    @a本书传授了房屋翻新改建时的八大关键要点,并通过大量表格、插图,通俗易懂地介绍“翻新改建基础知识”“个性化的翻新改建”等专题内容。
606 0  @a住宅@x旧房改造
690    @aTU746.3@v5
701  0 @c(日)@a林直树@9lin zhi shu@4著
702  0 @c(日)@a佐川旭@9zuo chuan xu@4编著
702  0 @a雷光程@9lei guang cheng@4译
801  0 @aCN@b91MARC@c20171015
905    @b1020261-5@dTU746.3@f5@e1000
    
    旧房改造实战指南/(日)林直树著/(日)佐川旭编著/雷光程译.-武汉:华中科技大学出版社,2017.7
    173页:图,照片;24cm
    悦生活
    
    ISBN 978-7-5680-1659-9:CNY56.00
    本书传授了房屋翻新改建时的八大关键要点,并通过大量表格、插图,通俗易懂地介绍“翻新改建基础知识”“个性化的翻新改建”等专题内容。
●
相关链接 在E读中查询图书 在五车中查询图书 在当当中查询图书 在豆瓣中查询图书


正题名:旧房改造实战指南     索取号:TU746.3/1000         预约/预借

序号 登录号 条形码 馆藏地/架位号 状态 备注
1 1020261   210202617   第二样本阅览室/ [索取号:TU746.3/1000] 在馆    
2 1020262   210202626   密集书库-生命科学系/ [索取号:TU746.3/1000] 在馆    
3 1020263   210202635   第三借阅区/ [索取号:TU746.3/1000] 在馆    
4 1020264   210202644   第三借阅区/ [索取号:TU746.3/1000] 在馆    
5 1020265   210202653   第三借阅区/ [索取号:TU746.3/1000] 在馆    
唐山师范学院图书馆 欢迎您!
大连网信软件有限公司© 版权所有